[Event "Asia zt 3.3"]
[Site "Jakarta"]
[Date "2023.05.11"]
[Round "8"]
[White "Budhidharma, Nayaka"]
[Black "Lin, Chung Yu Lee"]
[Result "1-0"]
[WhiteElo "1968"]
[BlackElo "1734"]
[PlyCount "75"]
[EventDate "2023.05.06"]
[EventType "swiss"]
[EventRounds "9"]
[EventCountry "INA"]
[SourceTitle "CBM 214 Extra"]
[Source "ChessBase"]
[SourceDate "2023.07.31"]
[SourceVersion "1"]
[SourceVersionDate "2023.07.31"]
[SourceQuality "1"]

1. e4 c6 2. d4 d5 3. e5 c5 4. dxc5 Nc6 5. Nf3 Bg4 6. c3 e6 7. b4 Bxf3 8. Qxf3 Nxe5 9. Bb5+ Nc6 10. Nd2 g6 11. Nb3 Bg7 12. Nd4 Nge7 13. Bg5 Qc7 14. 0-0 0-0 15. Bf6 e5 16. Nxc6 bxc6 17. Bxe7 Qxe7 18. Bxc6 e4 19. Qe3 Rad8 20. Rfd1 Qe5 21. Rac1 f5 22. Qd4 Qe7 23. Bxd5+ Kh8 24. Qe3 Be5 25. g3 Qf6 26. Rc2 Rfe8 27. c4 f4 28. Qxe4 fxg3 29. fxg3 Bxg3 30. Qf3 Bf4 31. Rf1 Qd4+ 32. Kh1 Be5 33. Qe4 Rxd5 34. Qxd5 Qe3 35. Qf3 Qd4 36. Re2 Qh4 37. Rxe5 Rxe5 38. Qf8# 1-0

[Event "Asia zt 3.3"]
[Site "Jakarta"]
[Date "2023.05.08"]
[Round "4"]
[White "Lin, Chung Yu Lee"]
[Black "Novita, Anjas"]
[Result "0-1"]
[WhiteElo "1734"]
[BlackElo "2384"]
[PlyCount "76"]
[EventDate "2023.05.06"]
[EventType "swiss"]
[EventRounds "9"]
[EventCountry "INA"]
[SourceTitle "CBM 214 Extra"]
[Source "ChessBase"]
[SourceDate "2023.07.31"]
[SourceVersion "1"]
[SourceVersionDate "2023.07.31"]
[SourceQuality "1"]

1. d4 Nf6 2. Nc3 d5 3. Bf4 a6 4. e3 e6 5. Nf3 c5 6. Ne5 Be7 7. h4 0-0 8. h5 Nc6 9. Nxc6 bxc6 10. g4 cxd4 11. exd4 Nxg4 12. Rg1 f5 13. Be2 Nf6 14. Qd2 Bb4 15. Be5 Ra7 16. Qg5 Qe7 17. Kf1 Bd6 18. Na4 Rf7 19. Rd1 Bxe5 20. dxe5 Nd7 21. Qf4 a5 22. Qe3 c5 23. f4 h6 24. Rg6 Nf8 25. Rg3 Rc7 26. c4 d4 27. Qd2 Bd7 28. b3 Bxa4 29. bxa4 Rb7 30. Qxa5 Qh4 31. Kg2 Qxf4 32. Qxc5 Rb2 33. Re1 Qe4+ 34. Kf1 Qh1+ 35. Kf2 Qh4 36. Kg2 f4 37. Rb3 Rxb3 38. axb3 Qxe1 0-1

[Event "Asia zt 3.3"]
[Site "Jakarta"]
[Date "2023.05.06"]
[Round "1"]
[White "Lin, Chung Yu Lee"]
[Black "Tarigan, Gilbert Elroy"]
[Result "0-1"]
[WhiteElo "1734"]
[BlackElo "2384"]
[PlyCount "74"]
[EventDate "2023.05.06"]
[EventType "swiss"]
[EventRounds "9"]
[EventCountry "INA"]
[SourceTitle "CBM 214 Extra"]
[Source "ChessBase"]
[SourceDate "2023.07.31"]
[SourceVersion "1"]
[SourceVersionDate "2023.07.31"]
[SourceQuality "1"]

1. d4 Nf6 2. Nc3 d5 3. Bf4 e6 4. Nb5 Na6 5. e3 Be7 6. Nf3 0-0 7. Ne5 Bd7 8. a4 Ne4 9. f3 Nd6 10. c3 f6 11. Nxd7 Qxd7 12. Bd3 c6 13. Nxd6 Bxd6 14. Qc2 h6 15. Bxa6 bxa6 16. Bxd6 Qxd6 17. 0-0 c5 18. b4 cxb4 19. cxb4 Rfc8 20. Qb3 Rc4 21. Rfc1 Rac8 22. Rxc4 Rxc4 23. Rb1 Qc7 24. e4 Rxd4 25. exd5 Rxd5 26. g3 Qb6+ 27. Kg2 Rd2+ 28. Kh3 Re2 29. Rf1 Qd4 30. b5 Qc5 31. g4 h5 32. Qd3 hxg4+ 33. Kg3 Qe5+ 34. f4 Re3+ 35. Kxg4 f5+ 36. Kh5 Qf6 37. Qxe3 Qh6# 0-1

[Event "Bremen Silvester op"]
[Site "Bremen"]
[Date "2019.12.29"]
[Round "5"]
[White "Ehlert, Horst"]
[Black "Lin, Chung Yu Lee"]
[Result "1/2-1/2"]
[WhiteElo "2038"]
[BlackElo "1743"]
[PlyCount "69"]
[EventDate "2019.12.27"]
[EventType "swiss"]
[EventRounds "7"]
[EventCountry "GER"]
[SourceTitle "CBM 194 Extra"]
[Source "ChessBase"]
[SourceDate "2020.03.31"]
[SourceVersion "1"]
[SourceVersionDate "2020.03.31"]
[SourceQuality "1"]

1. d4 Nf6 2. Nf3 d5 3. c4 c6 4. cxd5 cxd5 5. Nc3 Nc6 6. g3 Qb6 7. Bg2 Bf5 8. 0-0 e6 9. a3 Bd6 10. Re1 0-0 11. Na4 Qb5 12. Bf1 Ne4 13. b4 Ne7 14. e3 Qd7 15. Nc5 Bxc5 16. dxc5 b6 17. cxb6 axb6 18. Bb2 h6 19. Rc1 f6 20. Nd4 Rfc8 21. Bb5 Qb7 22. Qe2 e5 23. Rxc8+ Qxc8 24. Rc1 Qd8 25. Nxf5 Nxf5 26. Qg4 Ne7 27. Qe6+ Kh8 28. h4 Nd6 29. Bf1 Rc8 30. Rxc8 Ndxc8 31. b5 Qd6 32. Qxd6 Nxd6 33. f4 e4 34. Bd4 Nec8 35. Bh3 1/2-1/2

[Event "Bremen Silvester op"]
[Site "Bremen"]
[Date "2019.12.28"]
[Round "4"]
[White "Lin, Chung Yu Lee"]
[Black "Jung, Gerald"]
[Result "0-1"]
[WhiteElo "1743"]
[BlackElo "1918"]
[PlyCount "80"]
[EventDate "2019.12.27"]
[EventType "swiss"]
[EventRounds "7"]
[EventCountry "GER"]
[SourceTitle "CBM 194 Extra"]
[Source "ChessBase"]
[SourceDate "2020.03.31"]
[SourceVersion "1"]
[SourceVersionDate "2020.03.31"]
[SourceQuality "1"]

1. e4 c5 2. Nc3 Nc6 3. f4 a6 4. a4 g6 5. Nf3 Bg7 6. Bc4 e6 7. 0-0 Nge7 8. Qe1 Nb4 9. Bb3 c4 10. Bxc4 Nxc2 11. Qf2 Nxa1 12. d3 d5 13. Ba2 d4 14. Nb1 Qb6 15. b3 Bd7 16. Qb2 Nxb3 17. Bxb3 Rc8 18. Bd2 Rc3 19. Bxc3 dxc3+ 20. Qf2 Qxb3 21. Qe3 0-0 22. d4 Bxa4 23. Nxc3 Rc8 24. Rc1 b5 25. Qd2 Rc4 26. Kf2 Nc6 27. e5 Bf8 28. d5 exd5 29. Nxd5 Rc2 30. Nf6+ Kh8 31. Rxc2 Qxc2 32. Qxc2 Bxc2 33. Ng5 Bb3 34. Nd7 Bb4 35. g4 a5 36. f5 gxf5 37. gxf5 a4 38. f6 a3 39. e6 Bxe6 40. Nxe6 fxe6 0-1